| 000 | 00416nam a22001697a 4500 | ||
|---|---|---|---|
| 005 | 20160611104737.0 | ||
| 008 | 160611b xxu||||| |||| 00| 0 eng d | ||
| 020 | _a9788125915423 | ||
| 041 | _aeng | ||
| 082 | _b6796 | ||
| 100 |
_aMadhukar, RK _9435 |
||
| 245 | _aBusiness Communication | ||
| 260 |
_aNew Delhi _bVikas Publishing House (P) Ltd. _c2005 |
||
| 300 | _a231 | ||
| 650 |
_aManagement _9241 |
||
| 942 | _cBK | ||
| 999 |
_c2376 _d2375 |
||